Трактори (Запис номер 59839)
[ съкратено ]
| 000 -Лидер | |
|---|---|
| Контролно поле с фиксирана дължина | 01124nam a2200301 c 4500 |
| 003 - Код на организацията, давaща контролен номер | |
| Контролно поле | BLK |
| 005 - Дата и час на последна редакция | |
| Контролно поле | 20180420222911.0 |
| 008 - Елементи от данни с фиксирана дължина | |
| fixed length control field | 180408b bul|||||r ||||||| ||bul|| |
| 010 ## - Наследен системен номер | |
| LC control number | KNG00063966000 |
| 040 ## - Източник на каталожния запис | |
| Идентификатор на билиотеката - собственик на записа | BLK |
| 041 ## - Код за език | |
| Код за езика на текст/звукозапис или на отделно заглавие | Български |
| Код за езика КДБФ | Български |
| 080 ## - УДК | |
| Текстов определител УДК | Трактори. Влекачи |
| УДК код - определител по УДК | 629.114.2 |
| УДК определител | (075.8) |
| УДК - код + определител | 629.114.2(075.8) |
| 100 1# - Редна дума - Автор | |
| Автор | Велев, Никола Начков |
| Авторска отговорност | първи автор |
| R(LIN) | 289249 |
| 139 ## - Редно поле | |
| Редна дума | Велев, Никола Н. |
| Авторски знак | |
| 245 10 - Сведения за заглавието | |
| Заглавие | Трактори |
| Подзаглавни данни | Уч. помагало за курсово и дипломно проектиране : За студентите от ВТУ А.Кънчев-Русе |
| Редно поле (дума) | Никола Начков Велев. |
| 257 ## - Страна на издаване | |
| Страна на създаване/издаване | България |
| 260 ## - Област на издателските данни | |
| -- | Русе |
| Име на издателя, разпространителя и проч. | ВТУ Ангел Кънчев |
| Година на издаване | 1983 |
| 300 ## - Физическа характеристика | |
| Страници | 195 с. |
| Размери/Мащаб | 23 см |
| 380 ## - Жанр | |
| Жанр | Техника |
| 650 #4 - Допълнително описание по предмет – тема | |
| Основно описание – тема или топоним | Трактори - проектиране и конструиране |
| 9 (RLIN) | 289321 |
| 653 ## - Ключова дума – ненормативна | |
| Ключова дума | трактори |
| 653 ## - Ключова дума – ненормативна | |
| Ключова дума | учебници за ВУЗ |
| 852 ## - Местоположение | |
| Форматна сигнатура | Цб І 22065 |
| 856 4# - Електронен адрес и достъп | |
| Електронен формат | pdf - файл |
| Път до файла /url/ | |
| 856 4# - Електронен адрес и достъп | |
| Електронен формат | pdf - файл |
| Път до файла /url/ | |
| 942 ## - АРТИКУЛИ | |
| Вид на библиотечния материал | Книги |
| Скрит в OPAC | Не |
| 944 ## - СЪЗДАВАНЕ И РЕДАКЦИЯ на ЗАПИСА | |
| Създаване/Редакция | Създаване |
| Дата на регистрацията/редакция | 13.06.2004 |
| Служител, извършил регистрацията/редакцията | Читалня |
| 944 ## - СЪЗДАВАНЕ И РЕДАКЦИЯ на ЗАПИСА | |
| Създаване/Редакция | Редакция |
| Дата на регистрацията/редакция | 07.08.2015 |
| Служител, извършил регистрацията/редакцията | |
| 999 ## - СИСТЕМНИ КОНТРОЛНИ НОМЕРА | |
| Koha biblionumber | 59839 |
| Koha biblioitemnumber | 59839 |
| Код за отписване | Код за изгубен артикул | Източник на класификационната схема | Код за повреда | Коз за рестрикции | Код за отдаване | Артикулен № | Име на библиотеката - собственик | Име на библиотеката, в която се намира в момента | Статус (Текущо местоположение) | Дата на вписване в системата | Местоположение - отдел | Цена в лева | Инвентарен номер | Систематично азбучна сигнатура | Баркод | Номер на екземпляра | Цена в евро | Служебна бележка | Служебен тип на артикула |
|---|---|---|---|---|---|---|---|---|---|---|---|---|---|---|---|---|---|---|---|
| Не е изгубен | Universal Decimal Classification | Не е повреден | без рестрикции | ползва се в читалня | 97877 | Регионална библиотека "Любен Каравелов" Русе | Регионална библиотека "Любен Каравелов" Русе | Читалня | 1993-01-01 | Читалня | 0.85 | 439763 | Ч 629.114/В38Н | 120000439763 | 1 | 0.43 | Дата инв: 24.03.2017 Бележки инв: Ч2017 | Книги | |
| Не е изгубен | Universal Decimal Classification | Не е повреден | само за читалня | ползва се в читалня | 97878 | Регионална библиотека "Любен Каравелов" Русе | Регионална библиотека "Любен Каравелов" Русе | Хранилище | 1983-01-01 | Хранилище | 0.85 | 431299 | Цб І 22065 | 120000431299 | 2 | 0.43 | Дост: Dp Вид: Д N: стар фонд Дата: 01.01.1983 | Книги | |
| Изтеглен | Не е изгубен | Universal Decimal Classification | Не е повреден | без рестрикции | заемане за дома | 97879 | Регионална библиотека "Любен Каравелов" Русе | Регионална библиотека "Любен Каравелов" Русе | Заемна - подръчен фонд | 1983-01-01 | Заемна - подръчен фонд | 0.82 | 439762 | П 629.114.2/В38 | 439762 | 3 | 0.42 | N: стар фонд Дата: 01.01.1983 | Книги |